| 000 | 00753nam1a22002171i 4500 | ||
|---|---|---|---|
| 001 | rc\3317855 | ||
| 005 | 20240726075712.0 | ||
| 035 | _a(NLR Aleph) 007507405 | ||
| 090 |
_a7685017 _c7685017 |
||
| 100 | _a20130115d1974 |||y0rusy50 ca | ||
| 101 | 0 | _arus | |
| 102 | _aRU | ||
| 105 | _a z ||||| | ||
| 200 | 1 |
_aИзучай родной край _eУчеб. пособие по истории СССР для учащихся VII-VIII кл. Калуж. обл. _eЧ. 1- |
|
| 210 |
_aТула _cПриок. кн. изд-во _d1974 |
||
| 215 | _d20 | ||
| 607 |
_aКалужская область _xИстория _jУчебники и пособия _2psbo |
||
| 801 | 0 |
_aRU _bNLR _gpsbo |
|
| 801 | 1 |
_aRU _bELAR _2rusmarc |
|
| 852 |
_aNLR _j73-3/11799 |
||
| 942 | _cBOOK | ||